00251nam a2200097Ia 4500008004100000082001400041100002200055245004400077260002000121600001200141241002s9999 xx 000 0 und d a928.1 LOW aLowenthal, Marrin 4aThe Autobiography Of Michel de Momaigne aNew York:c1953 aHistory